Sistema de información de los páramos del Ecuador (Registro nro. 7980)
[ vista simple ]
| 000 -CABECERA | |
|---|---|
| Campo de control | 00673nmm a22001817a 4500 |
| 005 - FECHA Y HORA DE LA ULTIMA TRANSACCION | |
| Campo de control | 20131202111602.0 |
| 008 - ELEMENTOS DE LONGITUD FIJA—INFORMACION GENERAL | |
| Campo de control | 131202b2001 ec ||||| |||| 00| 0 spa d |
| 041 ## - IDIOMA | |
| Código de idioma para texto/pista de sonido o título separado | Español |
| 044 ## - PAÍS DE PUBLICACIÓN | |
| País de publicación | Ecuador |
| 090 ## - CLASIFICACIÓN LOCAL | |
| Colección | LB |
| Consecutivo | 05820 |
| 100 ## - ASIENTO PRINCIPAL--NOMBRE PERSONAL | |
| Nombre personal | Mena-Vásconez, Patricio |
| 245 ## - MENCION DE TITULO | |
| Título | Sistema de información de los páramos del Ecuador |
| 260 ## - PUBLICACION, DISTRIBUCION, ETC. (PIE DE IMPRENTA) | |
| Lugar de publicación, distribución, etc. | Quito |
| Nombre del editor, distribuidor, etc. | Universiteit van Amsterdam |
| -- | ECOCIENCIA |
| -- | Instituto de Montaña |
| -- | Ministerio del ambiente |
| -- | Embajada de los países bajos |
| Fecha de publicación, distribución, etc. | 2001 |
| 300 ## - DESCRIPCION FISICA | |
| Extensión | 336 p., |
| Otros detalles físicos | il., |
| Dimensiones | 13 cm |
| 700 ## - ASIENTO SECUNDARIO - NOMBRE PERSONAL | |
| Nombre personal | Segarra.G., Pool |
| 700 ## - ASIENTO SECUNDARIO - NOMBRE PERSONAL | |
| Nombre personal | Fotografía Miguel-Sanchez, Robert-Holstede, Patricio-Mena Vásconez, Santiago-López |
| 942 ## - ELEMENTOS ADICIONALES (KOHA) | |
| Sistema de clasificación | Local |
| Tipo de ítem | CD-ROM |
| Withdrawn status | Lost status | Sistema de Clasificación | Damaged status | No para préstamo | Colección | Ubicación Permanente | Ubicación actual | Fecha de adquisición | Total Checkouts | Número topográfico | Inventario / Código de Barras | Date last seen | Ejemplar | Price effective from | Forma de adquisición | Tipo de material |
|---|---|---|---|---|---|---|---|---|---|---|---|---|---|---|---|---|
| Local | Audiovisual | Bogotá | Bogotá | 02/12/2013 | LB-05820 | 058618 | 02/12/2013 | Ej. 1 | 02/12/2013 | CD-ROM |